000 00237nam a2200097Ia 4500
001 712200
005 20250826162823.0
008 250824s9999 xx 000 0 und d
245 0 _aTERSİNE DÜNYA
_cORHAN KEMAL
260 _bEVEREST YAYINLARI
999 _c712200
_d712200